[Event "Montreal Mercredi 04"]
[Site "Montreal CAN"]
[Date "2009.04.29"]
[Round "5"]
[White "Levkovsky, Alexandre"]
[Black "Pregent, Daniel"]
[Result "1-0"]
[WhiteElo "2074"]
[BlackElo "1821"]
[PlyCount "91"]
[GameId "2160767910223028"]
[EventDate "2009.04.01"]
[EventType "tourn"]
[EventRounds "5"]
[EventCountry "CAN"]
[SourceTitle "EXT 2011"]
[Source "ChessBase"]
[SourceDate "2011.11.26"]
[SourceVersion "1"]
[SourceVersionDate "2011.11.26"]
[SourceQuality "1"]

1. e4 c6 2. d4 d5 3. e5 Bf5 4. h4 h6 5. g4 Bh7 6. e6 fxe6 7. Bd3 Bxd3 8. Qxd3 Qd6 9. f4 Nd7 10. Nf3 O-O-O 11. Ne5 Nxe5 12. fxe5 Qb4+ 13. c3 Qb5 14. Qg6 Nf6 15. exf6 exf6 16. a4 Qb6 17. b4 Qc7 18. Rh3 Bd6 19. Be3 Bg3+ 20. Kd1 Bf4 21. Ra2 Rhe8 22. Re2 Bd6 23. a5 e5 24. dxe5 fxe5 25. Bxa7 Rf8 26. Bb6 Qe7 27. Bxd8 Kxd8 28. g5 e4 29. gxh6 gxh6 30. Qxh6 Be5 31. Qe3 Qf7 32. Rh1 Kc7 33. Qb6+ Kd6 34. Rg1 Rh8 35. Rf2 Qh5+ 36. Kc2 Rh7 37. Qd8+ Rd7 38. Qb8+ Ke6 39. Qg8+ Kd6 40. Qg6+ Qxg6 41. Rxg6+ Kc7 42. Rf5 Re7 43. Kd2 Bd6 44. Ke2 d4 45. cxd4 Bxb4 46. Nd2 1-0

[Event "Montreal Mercredi 04"]
[Site "Montreal CAN"]
[Date "2009.04.29"]
[Round "5"]
[White "Luo, Zhao Yang"]
[Black "Baran, Marius"]
[Result "1/2-1/2"]
[WhiteElo "1768"]
[BlackElo "1687"]
[PlyCount "72"]
[GameId "2160767739119972"]
[EventDate "2009.04.01"]
[EventType "tourn"]
[EventRounds "5"]
[EventCountry "CAN"]
[SourceTitle "EXT 2011"]
[Source "ChessBase"]
[SourceDate "2011.11.26"]
[SourceVersion "1"]
[SourceVersionDate "2011.11.26"]
[SourceQuality "1"]

1. d4 d5 2. c4 e6 3. Nf3 Nf6 4. Nc3 Be7 5. Bg5 O-O 6. e3 Nbd7 7. Qc2 c6 8. Bd3 h6 9. Bh4 dxc4 10. Bxc4 Nd5 11. Bxe7 Qxe7 12. e4 Nxc3 13. bxc3 e5 14. O-O exd4 15. cxd4 Nf6 16. e5 Nd5 17. Qb3 Be6 18. a4 Nb6 19. Bxe6 fxe6 20. Rab1 Rab8 21. Nd2 Rf4 22. a5 Nd5 23. Qc4 b5 24. axb6 Rxb6 25. Rxb6 axb6 26. g3 b5 27. Qxc6 Rxd4 28. Nb3 Re4 29. Qxb5 Rb4 30. Qd3 Qg5 31. Ra1 Qxe5 32. Ra8+ Rb8 33. Rxb8+ Qxb8 34. Nd4 Qe5 35. Kg2 Kf7 36. Qf3+ Qf6 {...} 1/2-1/2

[Event "Montreal Mercredi 04"]
[Site "Montreal CAN"]
[Date "2009.04.29"]
[Round "5"]
[White "Tremblay, Sigfrid"]
[Black "Plante, Michel"]
[Result "1/2-1/2"]
[WhiteElo "1867"]
[BlackElo "2110"]
[PlyCount "78"]
[GameId "2160767910223030"]
[EventDate "2009.04.01"]
[EventType "tourn"]
[EventRounds "5"]
[EventCountry "CAN"]
[SourceTitle "EXT 2011"]
[Source "ChessBase"]
[SourceDate "2011.11.26"]
[SourceVersion "1"]
[SourceVersionDate "2011.11.26"]
[SourceQuality "1"]

1. e4 d6 2. d4 Nf6 3. Nc3 g6 4. Be2 Bg7 5. g4 h5 6. g5 Nfd7 7. h4 c5 8. d5 a6 9. a4 b6 10. f4 Qc7 11. Qd3 Bb7 12. Nf3 O-O 13. Bd2 Rc8 14. Be3 c4 15. Qd2 b5 16. axb5 axb5 17. Rxa8 Bxa8 18. Nxb5 Qb7 19. Qa5 Nc5 20. Bxc5 Rxc5 21. Qd8+ Kh7 22. Qe8 Rxb5 23. Qxf7 e5 24. Qxb7 Rxb7 25. fxe5 dxe5 26. Bxc4 Rxb2 27. Kd2 Nd7 28. Bb3 Nc5 29. Kc3 Rxb3+ 30. cxb3 Nxe4+ 31. Kc4 Ng3 32. Re1 e4 33. Nd4 Nf5 34. Ne6 Be5 35. Kc5 Bd6+ 36. Kc4 Be5 37. Kc5 Bd6+ 38. Kc4 Be5 39. Kc5 Bd6+ 1/2-1/2

[Event "Montreal Mercredi 04"]
[Site "Montreal CAN"]
[Date "2009.04.29"]
[Round "5"]
[White "Wang, Kelly"]
[Black "Bergeron, Rene"]
[Result "1-0"]
[WhiteElo "1547"]
[BlackElo "1561"]
[PlyCount "83"]
[GameId "2160767910223031"]
[EventDate "2009.04.01"]
[EventType "tourn"]
[EventRounds "5"]
[EventCountry "CAN"]
[SourceTitle "EXT 2011"]
[Source "ChessBase"]
[SourceDate "2011.11.26"]
[SourceVersion "1"]
[SourceVersionDate "2011.11.26"]
[SourceQuality "1"]

1. e4 d5 2. exd5 Qxd5 3. Nc3 Qd6 4. Nf3 Nf6 5. d4 Bg4 6. Be2 e6 7. Be3 Nc6 8. Qd2 O-O-O 9. O-O-O Nd5 10. h3 Nxe3 11. fxe3 Bf5 12. g4 Bg6 13. Nh4 Qb4 14. Nxg6 hxg6 15. Bf3 Ne5 16. Be2 Nc4 17. Bxc4 Qxc4 18. Qe2 Qc6 19. Qf2 Rd7 20. Rdf1 Bb4 21. Ne2 Qc4 22. a3 Ba5 23. b3 Qc6 24. Kb2 Qd6 25. c4 c6 26. e4 e5 27. d5 Bb6 28. Qg3 Bc7 29. b4 c5 30. Kb3 cxb4 31. axb4 a5 32. c5 Qa6 33. Nc3 axb4 34. Ra1 Qxa1 35. Rxa1 bxc3 36. Ra8+ Bb8 37. Qxe5 Rc7 38. d6 Rd7 39. Qxg7 Rxh3 40. Qg8+ Rd8 41. Rxb8+ Kxb8 42. Qxd8+ 1-0

[Event "Montreal Mercredi 05"]
[Site "Montreal CAN"]
[Date "2009.05.13"]
[Round "1"]
[White "Baran, Marius"]
[Black "Pozdnyakov, Alexander"]
[Result "0-1"]
[WhiteElo "1691"]
[BlackElo "1654"]
[PlyCount "82"]
[GameId "2160767910156819"]
[EventDate "2009.05.13"]
[EventType "tourn"]
[EventRounds "5"]
[EventCountry "CAN"]
[SourceTitle "EXT 2011"]
[Source "ChessBase"]
[SourceDate "2011.11.26"]
[SourceVersion "1"]
[SourceVersionDate "2011.11.26"]
[SourceQuality "1"]

1. d4 f5 2. c4 e6 3. Nf3 Nf6 4. Nc3 Be7 5. e3 O-O 6. Be2 b6 7. O-O Bb7 8. a3 Ne4 9. Qc2 a5 10. b3 d6 11. Bb2 Nd7 12. b4 Ndf6 13. Nd2 Nxd2 14. Qxd2 Ne4 15. Qc2 Qe8 16. f3 Ng5 17. d5 e5 18. f4 Nf7 19. Qxf5 Bc8 20. Qc2 Nh6 21. Bd3 Nf5 22. Bxf5 Bxf5 23. e4 Bd7 24. f5 Qh5 25. Qe2 Qh6 26. Rf3 Bg5 27. Rh3 Qf6 28. Qh5 h6 29. Qe2 axb4 30. axb4 Rxa1+ 31. Bxa1 g6 32. Rg3 Kh8 33. h4 Bf4 34. Rxg6 Qxh4 35. g3 Bxg3 36. Rg4 Qh3 37. Nd1 Be8 38. Rxg3 Qxg3+ 39. Kf1 Rg8 40. Qf2 Qh3+ 41. Ke1 Qh1+ 0-1

[Event "Montreal Mercredi 05"]
[Site "Montreal CAN"]
[Date "2009.05.13"]
[Round "1"]
[White "Chesnut, Walter"]
[Black "Neumark-Gaudet, Zev"]
[Result "1/2-1/2"]
[WhiteElo "1627"]
[BlackElo "1557"]
[PlyCount "42"]
[GameId "2160767910156820"]
[EventDate "2009.05.13"]
[EventType "tourn"]
[EventRounds "5"]
[EventCountry "CAN"]
[SourceTitle "EXT 2011"]
[Source "ChessBase"]
[SourceDate "2011.11.26"]
[SourceVersion "1"]
[SourceVersionDate "2011.11.26"]
[SourceQuality "1"]

1. e4 d5 2. exd5 Qxd5 3. Nc3 Qa5 4. d4 c6 5. Bd2 Qc7 6. Nf3 Nf6 7. h3 Bf5 8. Nh4 Be4 9. Nxe4 Nxe4 10. Bd3 Ng3 11. Rg1 g6 12. Nf3 Nh5 13. Qc1 Nd7 14. g4 Nhf6 15. Bf4 Qa5+ 16. Qd2 Qxd2+ 17. Bxd2 Bg7 18. O-O-O O-O-O 19. Ng5 Rhf8 20. Bc4 Nd5 21. Nxh7 Rh8 1/2-1/2

[Event "Montreal Mercredi 05"]
[Site "Montreal CAN"]
[Date "2009.05.13"]
[Round "1"]
[White "Cote, Philippe"]
[Black "Dumont, Felix"]
[Result "0-1"]
[WhiteElo "1707"]
[BlackElo "1653"]
[PlyCount "44"]
[GameId "2160767910156822"]
[EventDate "2009.05.13"]
[EventType "tourn"]
[EventRounds "5"]
[EventCountry "CAN"]
[SourceTitle "EXT 2011"]
[Source "ChessBase"]
[SourceDate "2011.11.26"]
[SourceVersion "1"]
[SourceVersionDate "2011.11.26"]
[SourceQuality "1"]

1. e4 c5 2. Nf3 d6 3. d4 cxd4 4. Nxd4 Nf6 5. Nc3 a6 6. Bc4 e6 7. Bb3 b5 8. O-O Be7 9. Re1 O-O 10. Bg5 h6 11. Bh4 Qc7 12. a3 Re8 13. Qf3 Bb7 14. Rad1 Nxe4 15. Qh3 Nxc3 16. Nxe6 fxe6 17. Qxe6+ Kh8 18. bxc3 Nc6 19. Bg3 Rad8 20. Bf4 Qc8 21. Qg6 Ne5 22. Qg3 Bf6 0-1

[Event "Montreal Mercredi 05"]
[Site "Montreal CAN"]
[Date "2009.05.13"]
[Round "1"]
[White "Dardoura, Khaled"]
[Black "Chang, Michael"]
[Result "0-1"]
[WhiteElo "1468"]
[BlackElo "1449"]
[PlyCount "88"]
[GameId "2160767910156823"]
[EventDate "2009.05.13"]
[EventType "tourn"]
[EventRounds "5"]
[EventCountry "CAN"]
[SourceTitle "EXT 2011"]
[Source "ChessBase"]
[SourceDate "2011.11.26"]
[SourceVersion "1"]
[SourceVersionDate "2011.11.26"]
[SourceQuality "1"]

1. d4 Nf6 2. c4 e6 3. Nc3 Bb4 4. Nf3 Nc6 5. Qc2 Bxc3+ 6. bxc3 b6 7. e4 h6 8. Bd3 Na5 9. O-O O-O 10. e5 Ne8 11. Qe2 c5 12. Qe4 f5 13. Qxa8 Nc6 14. d5 Nc7 15. Qxc8 Qxc8 16. dxc6 dxc6 17. Nh4 Qd8 18. Ng6 Qxd3 19. Nxf8 Kxf8 20. Bb2 Qxc4 21. Rfd1 Nd5 22. h3 g5 23. a3 Kf7 24. Rd2 Kg6 25. Rad1 f4 26. Rd3 Kf5 27. g3 Qe4 28. g4+ Kg6 29. R3d2 h5 30. Rc1 b5 31. c4 bxc4 32. Rdc2 hxg4 33. Rxc4 Qf3 34. hxg4 Qh3 35. f3 Qg3+ 36. Kh1 Qxf3+ 37. Kg1 Ne3 38. R4c2 Nxc2 39. Rxc2 Qxg4+ 40. Kf2 Qg3+ 41. Ke2 f3+ 42. Kf1 Qh3+ 43. Kg1 g4 44. Bc3 g3 0-1

[Event "Montreal Mercredi 05"]
[Site "Montreal CAN"]
[Date "2009.05.13"]
[Round "1"]
[White "Levkovsky, Alexandre"]
[Black "Mathews, Theo"]
[Result "1-0"]
[WhiteElo "2164"]
[BlackElo "1716"]
[PlyCount "107"]
[GameId "2160767910156824"]
[EventDate "2009.05.13"]
[EventType "tourn"]
[EventRounds "5"]
[EventCountry "CAN"]
[SourceTitle "EXT 2011"]
[Source "ChessBase"]
[SourceDate "2011.11.26"]
[SourceVersion "1"]
[SourceVersionDate "2011.11.26"]
[SourceQuality "1"]

1. e4 e5 2. Nf3 Nf6 3. Nc3 Nc6 4. Bb5 d6 5. d4 exd4 6. Nxd4 Bd7 7. Bxc6 bxc6 8. O-O Be7 9. Qd3 O-O 10. Rd1 c5 11. Nde2 Qb8 12. Nf4 Qb7 13. Ncd5 Nxd5 14. Nxd5 Rfe8 15. c4 Bc6 16. Rb1 Bxd5 17. cxd5 a5 18. Bd2 a4 19. Bc3 Bf8 20. Re1 Qa6 21. Rbd1 Qxd3 22. Rxd3 g6 23. f4 Bg7 24. e5 dxe5 25. fxe5 c4 26. Rd4 Red8 27. Rxc4 Rxd5 28. Rxc7 a3 29. bxa3 h5 30. Rf1 Bxe5 31. Bxe5 Rxe5 32. Rfxf7 Re2 33. Rg7+ Kh8 34. Rh7+ Kg8 35. Rcg7+ Kf8 36. Rxg6 Rxa3 37. Rxh5 Raxa2 38. Rf5+ Ke7 39. h3 Ra1+ 40. Rf1 Raa2 41. Kh2 Re3 42. Rf4 Ra8 43. Rgg4 Raa3 44. Re4+ Rxe4 45. Rxe4+ Kf6 46. Rg4 Kf5 47. Rg8 Kf6 48. h4 Kf7 49. Rg5 Kf6 50. g3 Rb3 51. Kh3 Ra3 52. Rg4 Ra1 53. Rb4 Kg6 54. Kg4 1-0

[Event "Montreal Mercredi 05"]
[Site "Montreal CAN"]
[Date "2009.05.13"]
[Round "1"]
[White "Maharisoa, Tantely"]
[Black "Wang, Kelly"]
[Result "1-0"]
[WhiteElo "1573"]
[BlackElo "1564"]
[PlyCount "101"]
[GameId "2160767910156825"]
[EventDate "2009.05.13"]
[EventType "tourn"]
[EventRounds "5"]
[EventCountry "CAN"]
[SourceTitle "EXT 2011"]
[Source "ChessBase"]
[SourceDate "2011.11.26"]
[SourceVersion "1"]
[SourceVersionDate "2011.11.26"]
[SourceQuality "1"]

1. d4 Nf6 2. Nf3 g6 3. e3 d5 4. c4 c6 5. Nc3 Bg7 6. Bd3 dxc4 7. Bxc4 O-O 8. h3 Qc7 9. O-O Rd8 10. Ne5 e6 11. a4 c5 12. Nb5 Qe7 13. f4 Nc6 14. Qf3 cxd4 15. Nxc6 bxc6 16. Nxd4 Bb7 17. Qe2 Ne4 18. Kh2 Qh4 19. Nf3 Qg3+ 20. Kg1 c5 21. Nd2 Nxd2 22. Bxd2 Qh4 23. Ba5 Rd7 24. Bb5 Rd5 25. Bc4 Rh5 26. Rad1 Qg3 27. Be1 Qxg2+ 28. Qxg2 Bxg2 29. Kxg2 Bxb2 30. e4 Bd4 31. Be2 Rh6 32. e5 Rb8 33. h4 Rb2 34. Kf3 Rb3+ 35. Rd3 c4 36. Rxb3 cxb3 37. Ke4 b2 38. Bg3 Bc5 39. Bc4 Kf8 40. Ba2 Be7 41. Rh1 Ke8 42. Rh2 Kd8 43. Rxb2 Bxh4 44. Rh2 g5 45. Bf2 Ke7 46. Bc5+ Kd7 47. Bxa7 Ke7 48. Bc5+ Kd7 49. Bc4 gxf4 50. Bb5+ Kc7 51. a5 1-0

[Event "Montreal Mercredi 05"]
[Site "Montreal CAN"]
[Date "2009.05.13"]
[Round "1"]
[White "Matheson, Ben"]
[Black "Keane-McCarney, Eamon"]
[Result "0-1"]
[WhiteElo "1528"]
[BlackElo "1443"]
[PlyCount "62"]
[GameId "2160767910156826"]
[EventDate "2009.05.13"]
[EventType "tourn"]
[EventRounds "5"]
[EventCountry "CAN"]
[SourceTitle "EXT 2011"]
[Source "ChessBase"]
[SourceDate "2011.11.26"]
[SourceVersion "1"]
[SourceVersionDate "2011.11.26"]
[SourceQuality "1"]

1. e4 c5 2. Nc3 d6 3. d3 Nf6 4. g3 Nc6 5. Bg2 a6 6. a4 e6 7. Nh3 g6 8. O-O Qc7 9. Kh1 Bg7 10. Be3 O-O 11. f4 Rd8 12. Nf2 b6 13. Qf3 d5 14. e5 Ne8 15. Ne2 Bb7 16. d4 cxd4 17. Nxd4 Bf8 18. Ng4 h5 19. Nf6+ Nxf6 20. exf6 e5 21. fxe5 Qxe5 22. Nxc6 Bxc6 23. Bxb6 Rdb8 24. a5 Qxb2 25. c4 Rd8 26. Bxd8 Rxd8 27. cxd5 Bxd5 28. Qf2 Bxg2+ 29. Qxg2 Rd2 30. Qh3 Qb7+ 31. Kg1 Bc5+ 0-1

[Event "Montreal Mercredi 05"]
[Site "Montreal CAN"]
[Date "2009.05.13"]
[Round "1"]
[White "Millette, Sylvain"]
[Black "Messier, Samuel"]
[Result "1/2-1/2"]
[WhiteElo "1652"]
[BlackElo "1549"]
[PlyCount "65"]
[GameId "2160767910156827"]
[EventDate "2009.05.13"]
[EventType "tourn"]
[EventRounds "5"]
[EventCountry "CAN"]
[SourceTitle "EXT 2011"]
[Source "ChessBase"]
[SourceDate "2011.11.26"]
[SourceVersion "1"]
[SourceVersionDate "2011.11.26"]
[SourceQuality "1"]

1. Nf3 Nf6 2. g3 g6 3. Bg2 d5 4. d4 Bg7 5. c4 c6 6. cxd5 cxd5 7. O-O O-O 8. Nc3 Nc6 9. Bf4 Nh5 10. Bg5 h6 11. Be3 Nf6 12. Qd2 Kh7 13. Ne5 Bf5 14. Rac1 Ne4 15. Nxe4 Nxe5 16. dxe5 dxe4 17. Qxd8 Rfxd8 18. Rc7 Rd7 19. Rxd7 Bxd7 20. Bxe4 Bxe5 21. Rd1 Be6 22. b3 Rb8 23. Bc5 Bf6 24. Be3 b6 25. Rc1 Rc8 26. Rc6 Rxc6 27. Bxc6 Bf5 28. b4 Bc3 29. a3 Bb2 30. Bf4 Bxa3 31. b5 Bc8 32. Be3 Kg7 33. Bf4 1/2-1/2

[Event "Montreal Mercredi 05"]
[Site "Montreal CAN"]
[Date "2009.05.13"]
[Round "1"]
[White "Plante, Michel"]
[Black "Khudaverdian, Berj"]
[Result "0-1"]
[WhiteElo "2065"]
[BlackElo "1727"]
[PlyCount "66"]
[GameId "2160767910156828"]
[EventDate "2009.05.13"]
[EventType "tourn"]
[EventRounds "5"]
[EventCountry "CAN"]
[SourceTitle "EXT 2011"]
[Source "ChessBase"]
[SourceDate "2011.11.26"]
[SourceVersion "1"]
[SourceVersionDate "2011.11.26"]
[SourceQuality "1"]

1. d4 d6 2. e4 Nf6 3. Nc3 g6 4. Bg5 Bg7 5. f4 O-O 6. e5 dxe5 7. dxe5 Nfd7 8. Nf3 h6 9. Bh4 Nc6 10. Bb5 g5 11. Bxc6 bxc6 12. fxg5 Nxe5 13. gxh6 Qxd1+ 14. Rxd1 Nxf3+ 15. gxf3 Bxh6 16. Bg3 e5 17. Rg1 Kh7 18. Kf2 f6 19. Bh4 f5 20. Be7 Rf7 21. Bc5 Be6 22. b3 a6 23. Be3 Bg7 24. Na4 f4 25. Bc1 Bf5 26. c4 Bf6 27. Bb2 Re8 28. Bc3 Bh4+ 29. Ke2 e4 30. Rd4 c5 31. Rd5 exf3+ 32. Kd1 f2 33. Rf1 Bg4+ 0-1

[Event "Montreal Mercredi 05"]
[Site "Montreal CAN"]
[Date "2009.05.13"]
[Round "1"]
[White "Pomerantz, Daniel"]
[Black "Pregent, Daniel"]
[Result "1-0"]
[WhiteElo "1940"]
[BlackElo "1851"]
[PlyCount "125"]
[GameId "2160767910156829"]
[EventDate "2009.05.13"]
[EventType "tourn"]
[EventRounds "5"]
[EventCountry "CAN"]
[SourceTitle "EXT 2011"]
[Source "ChessBase"]
[SourceDate "2011.11.26"]
[SourceVersion "1"]
[SourceVersionDate "2011.11.26"]
[SourceQuality "1"]

1. e4 c6 2. d4 d5 3. Nd2 dxe4 4. Nxe4 Bf5 5. Ng3 Bg6 6. h4 h6 7. Nf3 Nd7 8. h5 Bh7 9. Bd3 Bxd3 10. Qxd3 e6 11. Bf4 Qa5+ 12. Bd2 Qc7 13. O-O-O Ngf6 14. Ne4 O-O-O 15. g3 Nxe4 16. Qxe4 Bd6 17. Kb1 Kb8 18. c4 Ka8 19. Bc3 Nf6 20. Qe2 c5 21. d5 e5 22. Bxe5 Rhe8 23. Bxd6 Qxd6 24. Qc2 Ne4 25. Rhe1 f5 26. Nh4 Qf6 27. Ng6 Qg5 28. Nf4 Qg4 29. Ne6 Rc8 30. Qe2 Qh3 31. Rh1 Qg2 32. Rhg1 Qxf2 33. Qxf2 Nxf2 34. Rdf1 Ne4 35. Kc2 Nd6 36. Nxg7 Re2+ 37. Kd3 Rxb2 38. Nxf5 Nxf5 39. Rxf5 Rxa2 40. Rf6 Re8 41. Re6 Rc8 42. Rxh6 a5 43. Re6 Rf8 44. h6 Rff2 45. h7 Rad2+ 46. Ke4 Rde2+ 47. Kd3 Rd2+ 48. Kc3 Rc2+ 49. Kb3 Rb2+ 50. Ka4 Rb4+ 51. Ka3 Rf3+ 52. Ka2 Rf2+ 53. Ka1 Ra4+ 54. Kb1 Rb4+ 55. Ka1 Ra4+ 56. Kb1 Rb4+ 57. Kc1 Rxc4+ 58. Kd1 Rd4+ 59. Ke1 Rf8 60. g4 Rxd5 61. g5 Rd7 62. g6 Rg7 63. Rf1 1-0

[Event "Montreal Mercredi 05"]
[Site "Montreal CAN"]
[Date "2009.05.20"]
[Round "2"]
[White "Ber, Alexandre"]
[Black "Matheson, Ben"]
[Result "1-0"]
[WhiteElo "1539"]
[BlackElo "1528"]
[PlyCount "59"]
[GameId "2160767910156830"]
[EventDate "2009.05.13"]
[EventType "tourn"]
[EventRounds "5"]
[EventCountry "CAN"]
[SourceTitle "EXT 2011"]
[Source "ChessBase"]
[SourceDate "2011.11.26"]
[SourceVersion "1"]
[SourceVersionDate "2011.11.26"]
[SourceQuality "1"]

1. d4 d6 2. c4 Nf6 3. Nc3 g6 4. e4 Bg7 5. Be2 O-O 6. Bg5 Nbd7 7. Qd2 c5 8. d5 Re8 9. h4 e5 10. h5 Qa5 11. hxg6 fxg6 12. Nf3 Re7 13. O-O-O Rf7 14. Rdf1 a6 15. Bh6 Nb6 16. Ng5 Bxh6 17. Rxh6 Rg7 18. Rfh1 Na4 19. R1h3 Bxh3 20. gxh3 Nxc3 21. bxc3 b5 22. f4 exf4 23. Kd1 f3 24. Bxf3 Qa4+ 25. Ke1 Qxc4 26. Be2 Qa4 27. Qf4 Ne8 28. Bg4 Qxa2 29. Be6+ Kh8 30. Qf8+ 1-0

[Event "Montreal Mercredi 05"]
[Site "Montreal CAN"]
[Date "2009.05.20"]
[Round "2"]
[White "Cote, Philippe"]
[Black "Baran, Marius"]
[Result "1-0"]
[WhiteElo "1707"]
[BlackElo "1691"]
[PlyCount "49"]
[GameId "2160767910156831"]
[EventDate "2009.05.13"]
[EventType "tourn"]
[EventRounds "5"]
[EventCountry "CAN"]
[SourceTitle "EXT 2011"]
[Source "ChessBase"]
[SourceDate "2011.11.26"]
[SourceVersion "1"]
[SourceVersionDate "2011.11.26"]
[SourceQuality "1"]

1. e4 c5 2. Nf3 d6 3. d4 cxd4 4. Nxd4 Nf6 5. Nc3 g6 6. f3 Bg7 7. Be3 O-O 8. Qd2 Nc6 9. g4 Nxd4 10. Bxd4 Qa5 11. O-O-O Be6 12. h4 Nd7 13. Bxg7 Kxg7 14. h5 g5 15. f4 Bxg4 16. Rg1 Bxd1 17. Rxg5+ Qxg5 18. fxg5 Bxh5 19. Nd5 Rae8 20. Bb5 Bg4 21. Qg2 Be6 22. Nf4 Rd8 23. Qh2 Ne5 24. Qh6+ Kg8 25. Nh5 1-0

[Event "Montreal Mercredi 05"]
[Site "Montreal CAN"]
[Date "2009.05.20"]
[Round "2"]
[White "Dumont, Felix"]
[Black "Crezegut, Anthony"]
[Result "1/2-1/2"]
[WhiteElo "1653"]
[BlackElo "1673"]
[PlyCount "38"]
[GameId "2160767910156832"]
[EventDate "2009.05.13"]
[EventType "tourn"]
[EventRounds "5"]
[EventCountry "CAN"]
[SourceTitle "EXT 2011"]
[Source "ChessBase"]
[SourceDate "2011.11.26"]
[SourceVersion "1"]
[SourceVersionDate "2011.11.26"]
[SourceQuality "1"]

1. e4 d5 2. exd5 Qxd5 3. Nc3 Qd6 4. d4 Nf6 5. Nf3 a6 6. Be3 b5 7. Bd3 Bb7 8. Qd2 e6 9. O-O-O Nbd7 10. h3 Be7 11. Rhg1 O-O 12. Bf4 Qb6 13. Ne5 Rfd8 14. g4 g6 15. g5 Nh5 16. Be2 Nxf4 17. Qxf4 Nxe5 18. dxe5 Rxd1+ 19. Bxd1 Rd8 1/2-1/2

[Event "Montreal Mercredi 05"]
[Site "Montreal CAN"]
[Date "2009.05.20"]
[Round "2"]
[White "Eddouri, Hmida"]
[Black "Chang, Michael"]
[Result "1-0"]
[WhiteElo "1506"]
[BlackElo "1449"]
[PlyCount "50"]
[GameId "2160767910156833"]
[EventDate "2009.05.13"]
[EventType "tourn"]
[EventRounds "5"]
[EventCountry "CAN"]
[SourceTitle "EXT 2011"]
[Source "ChessBase"]
[SourceDate "2011.11.26"]
[SourceVersion "1"]
[SourceVersionDate "2011.11.26"]
[SourceQuality "1"]

1. e4 c6 2. Nf3 d5 3. exd5 cxd5 4. d4 Bf5 5. Bd3 Bxd3 6. Qxd3 Nc6 7. O-O Nf6 8. Nc3 e6 9. Re1 Bd6 10. Bg5 O-O 11. Ne5 Be7 12. Re3 h6 13. Bxh6 gxh6 14. Rg3+ Kh8 15. Ng6+ fxg6 16. Qxg6 Rg8 17. Qxh6+ Nh7 18. Rf3 Bg5 19. Qh3 Qe8 20. Nb5 Qg6 21. Nd6 Qh6 22. Nf7+ Kg7 23. Nxh6 Bxh6 24. Qxe6 Rge8 25. Rf7+ Kg8 1-0

[Event "Montreal Mercredi 05"]
[Site "Montreal CAN"]
[Date "2009.05.20"]
[Round "2"]
[White "Keane-McCarney, Eamon"]
[Black "Dardoura, Khaled"]
[Result "0-1"]
[WhiteElo "1443"]
[BlackElo "1468"]
[PlyCount "106"]
[GameId "2160767910156834"]
[EventDate "2009.05.13"]
[EventType "tourn"]
[EventRounds "5"]
[EventCountry "CAN"]
[SourceTitle "EXT 2011"]
[Source "ChessBase"]
[SourceDate "2011.11.26"]
[SourceVersion "1"]
[SourceVersionDate "2011.11.26"]
[SourceQuality "1"]

1. e4 e6 2. d4 d5 3. e5 c5 4. Nf3 Nc6 5. c3 Qb6 6. Be2 Bd7 7. O-O cxd4 8. cxd4 Nge7 9. Nc3 Nf5 10. Na4 Qc7 11. Bf4 Qa5 12. g4 Nfxd4 13. Nxd4 Nxd4 14. Qxd4 Qxa4 15. Qd2 Bb4 16. Qd4 Ba5 17. Qe3 Bb6 18. Qg3 Qc2 19. Bd3 Qxb2 20. Rfb1 Qa3 21. Rb3 Qe7 22. h4 h6 23. g5 hxg5 24. Bxg5 Qf8 25. Qf4 Qc5 26. Rc1 Qd4 27. Qg3 Rc8 28. Rxc8+ Bxc8 29. Rc3 Bd7 30. Bb5 Bc6 31. Rxc6 bxc6 32. Bxc6+ Kf8 33. Kg2 Kg8 34. Bf6 Qxf2+ 35. Qxf2 Bxf2 36. Bxg7 Kxg7 37. Kxf2 Rxh4 38. a4 Re4 39. a5 Rxe5 40. a6 Kf6 41. Kf3 Kf5 42. Bb5 Kg5 43. Bd3 d4 44. Be4 f5 45. Bb7 Re3+ 46. Kf2 e5 47. Bd5 e4 48. Bc4 Rc3 49. Bd5 Rc2+ 50. Ke1 Kf4 51. Kd1 d3 52. Bf7 Ke3 53. Bh5 Rh2 0-1

[Event "Montreal Mercredi 05"]
[Site "Montreal CAN"]
[Date "2009.05.20"]
[Round "2"]
[White "Khudaverdian, Berj"]
[Black "Pomerantz, Daniel"]
[Result "1-0"]
[WhiteElo "1727"]
[BlackElo "1940"]
[PlyCount "175"]
[GameId "2160767910156835"]
[EventDate "2009.05.13"]
[EventType "tourn"]
[EventRounds "5"]
[EventCountry "CAN"]
[SourceTitle "EXT 2011"]
[Source "ChessBase"]
[SourceDate "2011.11.26"]
[SourceVersion "1"]
[SourceVersionDate "2011.11.26"]
[SourceQuality "1"]

1. Nf3 Nf6 2. g3 b6 3. Bg2 Bb7 4. d3 d5 5. O-O e6 6. Nbd2 Be7 7. c3 c5 8. a4 O-O 9. Re1 Nc6 10. Qc2 Qc7 11. e4 dxe4 12. dxe4 e5 13. Nc4 Rfd8 14. Bg5 h6 15. Bxf6 Bxf6 16. Rad1 g6 17. Ne3 Ne7 18. h4 Bg7 19. Nh2 Rxd1 20. Rxd1 Rd8 21. Nd5 Nxd5 22. exd5 c4 23. Nf1 h5 24. Ne3 Qc5 25. b4 cxb3 26. Qxb3 e4 27. c4 f5 28. Qb5 Bd4 29. Qxc5 Bxc5 30. Nc2 Kf7 31. Nd4 Bxd4 32. Rxd4 Kf6 33. f4 Ke7 34. Kf2 Kd6 35. Ke3 Kc5 36. Bf1 Rd7 37. Be2 Ba6 38. Bf1 Bb7 39. Rd1 a6 40. Rb1 Ba8 41. a5 bxa5 42. Ra1 Kb4 43. Kd4 a4 44. c5 Bb7 45. Bc4 a3 46. Rb1+ Ka5 47. Ra1 Kb4 48. d6 Bc6 49. Rb1+ Ka5 50. Kc3 Bb5 51. Be6 Rd8 52. Bf7 Bd3 53. Ra1 Kb5 54. Kd4 e3 55. Kxd3 Kxc5 56. Kxe3 Rxd6 57. Rxa3 Kb5 58. Rb3+ Kc5 59. Rd3 Rf6 60. Ba2 a5 61. Rd5+ Kb4 62. Kd4 a4 63. Ke5 Rc6 64. Rd6 Rc2 65. Bf7 Re2+ 66. Kf6 Re3 67. Bxg6 a3 68. Bf7 Rxg3 69. Kxf5 Rg4 70. Rd4+ Kc3 71. Ra4 Kb2 72. Bxh5 Rxh4 73. Bf7 Rh7 74. Kg6 Rh4 75. Kg5 Rh7 76. Be6 Rh2 77. f5 Rg2+ 78. Kf6 Rg3 79. Kf7 Rf3 80. f6 Rc3 81. Ra7 Rc6 82. Bd5 Rd6 83. Be6 Rd2 84. Ke7 Rh2 85. f7 Rh7 86. Ke8 Rg7 87. Rxa3 Rxf7 88. Rb3+ 1-0